<?xml version="1.0" encoding="UTF-8"?>
<record
    xmlns:xsi="http://www.w3.org/2001/XMLSchema-instance"
    xsi:schemaLocation="http://www.loc.gov/MARC21/slim http://www.loc.gov/standards/marcxml/schema/MARC21slim.xsd"
    xmlns="http://www.loc.gov/MARC21/slim">

  <leader>00909nam a2200217Ia 4500</leader>
  <controlfield tag="003">IN-BaIIA</controlfield>
  <controlfield tag="008">211028s9999    xx            000 0 eng d</controlfield>
  <datafield tag="020" ind1=" " ind2=" ">
    <subfield code="a">1-56396-291-8</subfield>
  </datafield>
  <datafield tag="040" ind1=" " ind2=" ">
    <subfield code="c">IIA Library</subfield>
  </datafield>
  <datafield tag="080" ind1=" " ind2=" ">
    <subfield code="a">523.985</subfield>
    <subfield code="b">RYA</subfield>
  </datafield>
  <datafield tag="111" ind1=" " ind2=" ">
    <subfield code="a">Workshop on High-Energy Solar Phenomena - A New Era of Spacecraft Measurements</subfield>
    <subfield code="c">New Hampshire</subfield>
    <subfield code="d">1993</subfield>
    <subfield code="9">20830</subfield>
  </datafield>
  <datafield tag="245" ind1=" " ind2="0">
    <subfield code="a">High-Energy Solar phenomena - a new era of Spacecraft measurements</subfield>
    <subfield code="b">proceedings of Workshop on high-Energy Solar phenomena - a new era of Spacecraft measurements, held in New Hampshire, USA,1993</subfield>
    <subfield code="c">edited by W. Thomas Vestrand and James M. Ryan </subfield>
  </datafield>
  <datafield tag="260" ind1=" " ind2=" ">
    <subfield code="a">New York</subfield>
    <subfield code="b">American Institute of Physics</subfield>
    <subfield code="c">1994</subfield>
  </datafield>
  <datafield tag="300" ind1=" " ind2=" ">
    <subfield code="a">[various pagings.]</subfield>
  </datafield>
  <datafield tag="650" ind1=" " ind2=" ">
    <subfield code="a">Flares</subfield>
    <subfield code="9">6133</subfield>
  </datafield>
  <datafield tag="650" ind1=" " ind2=" ">
    <subfield code="a">Solar Flares</subfield>
    <subfield code="9">4046</subfield>
  </datafield>
  <datafield tag="650" ind1=" " ind2=" ">
    <subfield code="a">Solar Phenomena</subfield>
    <subfield code="9">20831</subfield>
  </datafield>
  <datafield tag="700" ind1=" " ind2=" ">
    <subfield code="a">Ryan, James M., ed.</subfield>
    <subfield code="9">20832</subfield>
  </datafield>
  <datafield tag="700" ind1=" " ind2=" ">
    <subfield code="a">Vestrand, W. Thomas, ed.</subfield>
    <subfield code="9">20833</subfield>
  </datafield>
  <datafield tag="942" ind1=" " ind2=" ">
    <subfield code="c">BK</subfield>
  </datafield>
  <datafield tag="999" ind1=" " ind2=" ">
    <subfield code="c">11980</subfield>
    <subfield code="d">11980</subfield>
  </datafield>
  <datafield tag="952" ind1=" " ind2=" ">
    <subfield code="0">0</subfield>
    <subfield code="1">0</subfield>
    <subfield code="4">0</subfield>
    <subfield code="7">0</subfield>
    <subfield code="a">BAN</subfield>
    <subfield code="b">BAN</subfield>
    <subfield code="c">GEN</subfield>
    <subfield code="d">1996-12-20</subfield>
    <subfield code="e">WP    </subfield>
    <subfield code="g">5329.50</subfield>
    <subfield code="l">0</subfield>
    <subfield code="o">523.985/ RYA</subfield>
    <subfield code="p">12896</subfield>
    <subfield code="r">2021-11-05</subfield>
    <subfield code="v">5329.50</subfield>
    <subfield code="w">1996-12-20</subfield>
    <subfield code="y">BK</subfield>
    <subfield code="G">Rs. 5329.50  </subfield>
  </datafield>
</record>
